00916nam a2200253 a 450000100060000000300080000600500170001400800410003103500190007204000310009104100080012208200290013010000290015924500400018826000430022830000240027149000540029550400300034965000420037983000770042194200120049899900170051095201350052749694BD-RjUL20211209054720.0160822s1964 enk b 000 0 eng  a(BD-RjUL)49814 aBD-RjULcOAUdBD-RjULbeng aeng a362.110942223bCAH 19641 aCartwright, Ann.914899210aHuman relations and hospital care / aLondon :bRoutledge & K. Paul,c[1964] ax, 262 p. ;c22 cm.1 aReports of the Institute of Community Studies,v9 aBibliography: p. 251-254. 0aHospital carezGreat Britain.9148993 0aReports of the Institute of Community Studies (Unnumbered) ;v9.9148996 2ddccBK c49694d49694 00102ddc40708NFICaRUCLbRUCLcStackd1966-07-18eZeitlingerl0o362.110942 CAH 1964r2016-08-22 00:00:00tC-2w2016-08-22yBK